| 000 | 00414nam a2200157Ia 4500 | ||
|---|---|---|---|
| 008 | 240126s9999 xx 000 0 und d | ||
| 041 | _aEnglish | ||
| 082 | _aLIBRARY-J2 | ||
| 245 | 0 | _aModern Casting (2001 - | |
| 260 |
_bAmerican Foundry Soceity _aSchaumburg, Penny Lane |
||
| 300 | _cJN39526,CD7144 | ||
| 440 | _aNULL | ||
| 650 | _aMechanical Engineering | ||
| 650 | _aMechanical Engineering | ||
| 942 | _cJN | ||
| 999 |
_c285874 _d285874 |
||